000 01188nam a2200325 i 4500
001 000009108
003 DO-SdBNP
005 20250409122709.0
007 ta
008 090928s1982 dr ac 000 0 spa d
040 _aDO-SdBNP
_bspa
_cBNPHU
_erda
082 4 _aRD868.3
_bD353p
_222
100 1 _aDeligne, Gastón F.,
_d1861-1913
_923760
_eautor
245 1 0 _aPáginas olvidadas /
_cGastón F. Deligne.
264 _aSan Pedro de Macorís, República Dominicana :
_bTaller :
_bUCE,
_c1982.
300 _a311 páginas :
_bilustraciones, retratos ;
_c24 cm.
336 _2rdacontent
_atexto
_btxt
337 _2rdamedia
_asin mediación
_bnc
338 _2rdacarrier
_avolumen
_bn
490 1 _aEmilio Rodríguez Demorizi
_v1
500 _aIncluye referencias bibliográficas y notas al pie de las páginas
500 _aLa primera edición de 1944, editora Montalvo.
590 _aInventariado, 2019/MFF
600 1 4 _aDeligne, Gastón F.,
_d1861-1923
_xCrítica e interpretación
_923761
650 4 _aPoesía dominicana
_966
650 0 _aLiteratura dominicana.
_967
710 1 _aUniversidad Central del Este
_937229
910 _aValidado. Control de calidad MFF
942 _2ddc
_cLBS1
999 _c8872
_d8872